01156 2200205 4500001002100000005001500021035002000036008004100056245011000097100002100207250000600228260003800234300001200272084001400284082000800298650001000306520061000316990001200926990001200938INLIS00000000000084420240607094949 a0010-0524000079240607 1 ind 1 aA Piece Of Heaven; Mata Melihat Dengan Batasan Tapi Hati Melihat Dengan Menembus Batas /cFransisca Lenny aLenny, Fransisca a1 aYogyakarta :bSheila/ Andi,c2019 a344 hlm a813 FRA a a813 4aFiksi aMitha, wanita muda enerjik dan menyukai petualangan-petualangan baru yang penuh tantangan. Bersama sahabatnya, Lea, mereka pergi berpetualang safari jauh ke tanah Afrika. Sungguh, siapa sangka petualangan seru itu menjadi petaka baginya? Kecelakaan fatal menyebabkan Mitha kehilangan indra penglihatannya! Nyawa seorang fotografer seperti lenyap bersama gelap pandangannya. Pil pahit penyesalan yang harus ditelannya utuh-utuh seumur hidup. Pun hidup harus terus berjalan. Hari-hari terus berganti. Mitha harus bangkit. Namun, akankan seseorang yang tulus hadir menolongnya? Masih berhakkah ia atas cinta? a0741288 a0741289